Denis /

Main Author: Zet, Martin, 1959-
Language: Czech
Published: Olomouc : PAF, z.s., 2017
Edition: 1. vydání
Series: PAF (PAF, z.s.)
Subjects:
Physical Description: 48 nečíslovaných stran : barevné ilustrace ; 22 cm
Book
Saved in:
LEADER 01658cam a2200493 i 4500
001 nkc20172958456
003 CZ PrNK
005 20180212094032.0
007 ta
008 171118s2017 xr a e 000 0 cze
015 |z cnb002958456 
020 |a 978-80-87662-18-2  |q (brožováno) 
040 |a OLA001  |b cze  |e rda 
043 |a e-xr--- 
045 |a y-y- 
072 7 |a 77  |x Fotografie. Fotografické postupy  |2 Konspekt  |9 21 
080 |a 77.04  |2 MRF 
080 |a (437.3)  |2 MRF 
080 |a (084.12)  |2 MRF 
100 1 |a Zet, Martin,  |d 1959-  |7 jn20020217008  |4 art 
245 1 0 |a Denis /  |c Martin Zet 
250 |a 1. vydání 
264 1 |a Olomouc :  |b PAF, z.s.,  |c 2017 
300 |a 48 nečíslovaných stran :  |b barevné ilustrace ;  |c 22 cm 
336 |a text  |b txt  |2 rdacontent 
336 |a statický obraz  |b sti  |2 rdacontent 
337 |a bez média  |b n  |2 rdamedia 
338 |a svazek  |b nc  |2 rdacarrier 
490 1 |a PAF 
500 |a Pod názvem: Strada Zamfir Arbore, Kišiněv/Chişinău, 23.04.2016 
500 |a Bez textu 
600 1 7 |a Zet, Martin,  |d 1959-  |7 jn20020217008  |2 czenas 
648 7 |a 21. století  |7 ch460559  |2 czenas 
650 0 7 |a umělecká fotografie  |7 ph126879  |z Česko  |y 21. století  |2 czenas 
650 0 9 |a artistic photography  |z Czechia  |y 21st century  |2 eczenas 
655 7 |a fotografické publikace  |7 fd132276  |2 czenas 
655 9 |a photographical works  |2 eczenas 
830 0 |a PAF (PAF, z.s.)  |0 s 
910 2 |a BOA001  |b 2-1402.042 
920 |a vkol001219230  |z OLA001 
990 |a BK 
995 |a 11 
991 |b 201801  |c NOV 
996 6 |b 2610730603  |c 2-1402.042  |l MZK  |r Sklad / do 1 hodiny  |n 0  |p p.v.  |w 001646229  |u 000010  |a 1  |e BOA001  |j MZK50  |s P